Sports Quiz

Random Sports or Country Quiz

Olympic Diving Champions - Men's 10m Quiz Stats

Quiz not verified by Sporcle

Challenge
Share
Tweet
Embed
Score 0/24 Timer 10:00
0 Plays Today
Year Diver % Correct
1984 (Los Angeles)Greg Louganis
81.6%
1988 (Seoul)Greg Louganis
81.6%
2008 (Beijing)Matthew Mitcham
69.4%
1996 (Atlanta)Dmitri Sautin
32.7%
2000 (Sydney)Tian Liang
26.5%
2004 (Athens)Hu Jia
26.5%
1948 (London)Samuel Lee
18.4%
1952 (Helsinki)Samuel Lee
18.4%
1968 (Mexico City)Klaus Dibiasi
16.3%
1972 (Munich)Klaus Dibiasi
16.3%
1976 (Montreal)Klaus Dibiasi
16.3%
1980 (Moscow)Falk Hoffman
8.2%
Year Diver % Correct
1960 (Rome)Bob Webster
6.1%
1964 (Tokyo)Bob Webster
6.1%
1992 (Barcelona)Sun Shuwei
6.1%
1904 (St. Louis)George Sheldon
4.1%
1908 (London)Hjalmar Johansson
4.1%
1912 (Stockholm)Erik Adlerz
4.1%
1920 (Antwerp)Clarence Pinkston
4.1%
1924 (Paris)Albert White
4.1%
1928 (Amsterdam)Peter Desjardins
4.1%
1932 (Los Angeles)Harold Smith
4.1%
1936 (Berlin)Marshall Wayne
4.1%
1956 (Melbourne)Joaquín Capilla
4.1%

You're not logged in!

Compare scores with friends on all Sporcle quizzes.
Sign Up with Email
OR
Log In

You Might Also Like...

Show Comments

Extras

Top Quizzes Today


Score Distribution

Your Account Isn't Verified!

In order to create a playlist on Sporcle, you need to verify the email address you used during registration. Go to your Sporcle Settings to finish the process.